000 00922nam a2200229 i 4500
001 163387
003 ES-MaACL
005 20250716002324.0
008 931025m18971898sp |||| | spa d
040 _aPAB
_bspa
_cCCPB
100 1 _aRevilla, Manuel de la,
_d1846-1881
_996432
245 1 0 _aPrincipios generales de Literatura e Historia de la Literatura Española /
_cpor Manuel de la Revilla... y Pedro Alcántara García.
250 _a4º ed.
260 _aMadrid :
_bLibrería de Francisco Iravedra,
_c1897-1898 (
_fEst. tip. de Idamor Moreno)
300 _a2 v. (X, 526; 788 p.) ;
_c23 cm.
510 4 _aPalau,
_cXVI, 263443
650 4 _aLiteratura española-
_xHistoria y crítica
_914560
700 1 _aGarcía, Pedro de Alcántara,
_d1842-1906
_954086
852 _aES-MaACL
_jB-1240-41
_z-- Enc. pasta española
_x-- Completar T300: (X, 526; 788 p.)
942 _2udc
999 _c163387
_d163387